CORPORATE STRATEGY A RESOURCE BASED APPR (Record no. 29829)

MARC details
000 -LEADER
fixed length control field 00362nam a2200145Ia 4500
008 - FIXED-LENGTH DATA ELEMENTS--GENERAL INFORMATION
fixed length control field 240624s9999 xx 000 0 und d
041 ## - LANGUAGE CODE
Language code of text/sound track or separate title eng
082 ## - DEWEY DECIMAL CLASSIFICATION NUMBER
Classification number 658.4012 COL
100 ## - MAIN ENTRY--PERSONAL NAME
Personal name COLLIS DAVID J
245 ## - TITLE STATEMENT
Title CORPORATE STRATEGY A RESOURCE BASED APPR
250 ## - EDITION STATEMENT
Edition statement (2nd ed.)
260 ## - PUBLICATION, DISTRIBUTION, ETC.
Date of publication, distribution, etc. 2004
Name of publisher, distributor, etc. McGraw-Hill/Irwin
300 ## - PHYSICAL DESCRIPTION
Extent 256 , p.
365 ## - TRADE PRICE
Currency code RS
Price amount 27.5
Holdings
Withdrawn status Lost status Damaged status Not for loan Home library Current library Shelving location Date acquired Cost, normal purchase price Total Checkouts Full call number Barcode Date last seen Copy number Price effective from Koha item type
        IMTN IMTN Rack 28-B 11/24/2017 9933.00   658.4012 COL 29829 06/24/2024 1 06/24/2024 Books
Designed & Maintained by: LRC IMT Nagpur Contact: lrc@imtnag.ac.in© 2024. All Rights Reserved.